000 00352nam a22001457a 4500
005 20200604155729.0
008 200604b xxu||||| |||| 00| 0 eng d
082 _a345.4
110 _aL.I.C
_95787
245 _aL.I.C - 2013 (V-4) OCT TO DEC
260 _aDELHI
_bALL INDIA REPORTER PVT.LTD.
300 _a4624;p
650 _aLAW
_95701
942 _cJRL
999 _c6831
_d6829